000
00341nam a2200145Ia 4500
100
_a
Hansen B L/ Ghare/R.M
942
_c
BK
654
_a
Quality Control.
245
_a
Quality Control. & Application
260
_b
Prentice Hall of India
_a
New Delhi
_c
1993
082
_a
658.562
_b
PAN
300
_a
498
546
_a
ENGLISH
999
_c
23179
_d
23179